| 000 | 00000nam##2200000za#4500 |
| 001 | 9.699755 |
| 003 | CaOODSP |
| 005 | 20210625000526 |
| 007 | cr ||||||||||| |
| 008 | 150407|2014||||xxc|||||o f|0| 0 eng|d |
| 020 | |a978-1-100-24912-4 |
| 040 | |aCaOODSP|beng |
| 043 | |an-cn--- |
| 086 | 1 |aH14-142/2014E-PDF |
| 110 | 2 |aPublic Health Agency of Canada. |
| 245 | 10|aAntibiotic resistance : |h[electronic resource]|bquestions and answers |
| 260 | |aOttawa - Ontario : |bPublic Health Agency of Canada |cc2014. |
| 300 | |a1p. |
| 500 | |aThe catalogue number (H14-142/2014) and ISBN (978-1-100-54801-2) for the bilingual print edition have been copied in this electronic publication. |
| 590 | |a15-02|b2015-01-09 |
| 690 | 07|aHealth protection|2gcpds |
| 775 | 08|tRésistance aux antibiotiques : |w(CaOODSP)9.643733 |
| 776 | 0#|tAntibiotic resistance : |w(CaOODSP)9.677871 |
| 776 | 0#|tRÉSISTANCE AUX ANTIBIOTIQUES : |w(CaOODSP)9.677872 |
| 856 | 40|ahttp://publications.gc.ca|qPDF|s247 KB|uhttps://publications.gc.ca/collections/collection_2015/aspc-phac/H14-142-2014-eng.pdf |
| 986 | |aPub.: 140263 |